000 00826cab a2200265 4500
001 WB3425-21
008 090401t1998 xxu||||| |||| 00| 0 eng d
035 _a(Sirsi) u87208
041 _aeng
245 _aSeeking funds
260 _c1998
350 _a0
490 _aFinancial Times
_v3 July 1998, 10(1)
520 _aCornwall, west Wales, inner London and the Scottish Highlands have all qualified as regions in their own right and can now bid for European Union funds. Looks at what Objective 1 funding will mean for them.
650 _aCORNWALL
650 _aEUROPEAN UNION REGIONAL AID
650 _aINNER LONDON
650 _aOBJECTIVE 1 FUNDING
650 _aREGENERATION
650 _aSCOTTISH HIGHLANDS
650 _aWALES
690 _aECONOMIC AND SOCIAL
942 _n0
948 _c03/07/1998
999 _c54990
_d54990